[Event "Gibraltar Chess Festival 2017 - Masters"]
[Site "Gibraltar ENG"]
[Date "2017.01.30"]
[Round "7.93"]
[White "Verneuil, Pascal"]
[Black "Agbabishvili, Lali"]
[Result "1/2-1/2"]
[WhiteElo "2215"]
[BlackElo "2095"]
[PlyCount "136"]
[EventDate "2017.01.24"]
[EventType "swiss"]
[EventRounds "10"]
[EventCountry "ENG"]
[SourceTitle "Ajedrez en Madrid"]
[Source "lmi"]
[SourceDate "2017.01.24"]

1. e4 c5 2. b3 Nc6 3. Bb2 d6 4. Bb5 Bd7 5. f4 a6 6. Bxc6 Bxc6 7. d3 e6 8. Nf3
b5 9. Nbd2 Ne7 10. Qe2 Bd7 11. c4 Nc6 12. O-O Qb6 13. Kh1 h6 14. Rfb1 Rg8 15.
e5 b4 16. Ne4 dxe5 17. fxe5 Rd8 18. Rc1 Bc8 19. Rf1 Bb7 20. Rac1 Nd4 21. Nxd4
cxd4 22. c5 Qb5 23. Nd6+ Bxd6 24. cxd6 Rc8 25. Qf2 Rf8 26. Rxc8+ Bxc8 27. Qxd4
Bd7 28. Qa7 f5 29. Qd4 Kf7 30. Rc1 Rc8 31. Rxc8 Bxc8 32. Qc4 Bd7 33. Kg1 Ke8
34. Kf2 g5 35. Qxb5 Bxb5 36. Ke3 Kd7 37. h3 Bc6 38. g3 Bd5 39. Bc1 Bg2 40. h4
gxh4 41. gxh4 h5 42. Kd4 Kc6 43. Bf4 Bd5 44. Ke3 Kd7 45. Kd2 Bc6 46. Be3 Bd5
47. Bb6 f4 48. Ba5 Bc6 49. Bxb4 Kd8 50. d4 Be4 51. a3 Bd5 52. Ke2 Bxb3 53. Kf3
Bd1+ 54. Kxf4 Bg4 55. Kg5 Kd7 56. Ba5 Bf3 57. Bc7 Bg4 58. Kf4 Bd1 59. Ke3 Bg4
60. Kd3 Bf5+ 61. Kc4 Be4 62. Kc5 Bf3 63. Ba5 Bc6 64. Bd2 Bd5 65. Bb4 Bb3 66.
Kb6 Bc4 67. Kb7 Bd3 68. a4 Bc2 1/2-1/2

[Event "Gibraltar Chess Festival 2017 - Masters"]
[Site "Gibraltar ENG"]
[Date "2017.01.30"]
[Round "7.95"]
[White "Berrocal Ruiz, Valentin"]
[Black "Bach, Matthias"]
[Result "1/2-1/2"]
[WhiteElo "2042"]
[BlackElo "2264"]
[PlyCount "63"]
[EventDate "2017.01.24"]
[EventType "swiss"]
[EventRounds "10"]
[EventCountry "ENG"]
[SourceTitle "Ajedrez en Madrid"]
[Source "lmi"]
[SourceDate "2017.01.24"]

1. d4 d5 2. c4 e6 3. Nc3 c5 4. cxd5 exd5 5. Nf3 Nc6 6. g3 Nf6 7. Bg2 Be7 8. O-O
O-O 9. Bg5 c4 10. Ne5 Be6 11. h3 h6 12. Be3 Ne8 13. f4 f5 14. g4 Nc7 15. Bf3
Bf6 16. Ng6 Re8 17. Bf2 Qd7 18. Ne5 Bxe5 19. dxe5 fxg4 20. hxg4 d4 21. Bxc6
Qxc6 22. Qxd4 Bxg4 23. Qe3 Bf5 24. Kh2 Qg6 25. Qg3 b5 26. a3 a5 27. Qxg6 Bxg6
28. Bb6 b4 29. axb4 axb4 30. Bxc7 bxc3 31. bxc3 Be4 32. Kg3 1/2-1/2

[Event "Gibraltar Chess Festival 2017 - Masters"]
[Site "Gibraltar ENG"]
[Date "2017.01.30"]
[Round "7.99"]
[White "Roman Lopez, Jesus"]
[Black "Seyfried, Claus"]
[Result "1-0"]
[WhiteElo "1962"]
[BlackElo "2152"]
[PlyCount "75"]
[EventDate "2017.01.24"]
[EventType "swiss"]
[EventRounds "10"]
[EventCountry "ENG"]
[SourceTitle "Ajedrez en Madrid"]
[Source "lmi"]
[SourceDate "2017.01.24"]

1. e4 c5 2. d4 cxd4 3. c3 Nf6 4. e5 Nd5 5. Bc4 e6 6. Qxd4 Nc6 7. Qe4 f5 8. Qe2
Nb6 9. Bb3 Be7 10. Nf3 O-O 11. O-O Kh8 12. Rd1 Qc7 13. Bf4 Na5 14. Na3 Nxb3 15.
axb3 Nd5 16. Bg5 Bxg5 17. Nxg5 Nf4 18. Qe3 Ng6 19. Nc4 b5 20. Nd6 h6 21. Ngf7+
Kh7 22. Qf3 Rb8 23. Rd4 Bb7 24. Qh5 Qc6 25. f3 Qc5 26. b4 Qb6 27. Kh1 Ne7 28.
Rh4 Qe3 29. Ng5+ Kg8 30. Ndf7 hxg5 31. Nxg5 Qxg5 32. Qxg5 Nc6 33. f4 Rf7 34.
Qg6 a6 35. Rh7 Ne7 36. Qh5 Kf8 37. Rh8+ Ng8 38. Qh7 1-0

[Event "Gibraltar Chess Festival 2017 - Masters"]
[Site "Gibraltar ENG"]
[Date "2017.01.30"]
[Round "7.100"]
[White "Green, Per"]
[Black "Weeramantry, Sunil"]
[Result "0-1"]
[WhiteElo "1956"]
[BlackElo "2129"]
[PlyCount "72"]
[EventDate "2017.01.24"]
[EventType "swiss"]
[EventRounds "10"]
[EventCountry "ENG"]
[SourceTitle "Ajedrez en Madrid"]
[Source "lmi"]
[SourceDate "2017.01.24"]

1. Nf3 g6 2. e4 Bg7 3. d4 d6 4. c3 Nf6 5. Bd3 O-O 6. O-O Nc6 7. d5 Nb8 8. h3 e5
9. dxe6 fxe6 10. Qb3 Nc6 11. Re1 Nh5 12. Bg5 Qe8 13. Nbd2 Kh8 14. Bb5 e5 15.
Rad1 Be6 16. Qa4 a6 17. Be2 Qd7 18. Kh2 h6 19. Be3 Nf4 20. Bxf4 Rxf4 21. Bf1
Raf8 22. Re3 h5 23. Bc4 Bh6 24. Bxe6 Qxe6 25. Qb3 Qc8 26. Re2 g5 27. Kg1 Ne7
28. c4 b6 29. Nf1 Rxf3 30. gxf3 Qxh3 31. Rde1 Rf4 32. Re3 Ng6 33. Qa4 Nh4 34.
Qe8+ Kh7 35. Qe7+ Bg7 36. Qxg5 Rg4+ 0-1

[Event "Gibraltar Chess Festival 2017 - Masters"]
[Site "Gibraltar ENG"]
[Date "2017.01.30"]
[Round "7.101"]
[White "Bendayan Claros, Aaron"]
[Black "Press, Shaun"]
[Result "1-0"]
[WhiteElo "2128"]
[BlackElo "1970"]
[PlyCount "49"]
[EventDate "2017.01.24"]
[EventType "swiss"]
[EventRounds "10"]
[EventCountry "ENG"]
[SourceTitle "Ajedrez en Madrid"]
[Source "lmi"]
[SourceDate "2017.01.24"]

1. d4 d5 2. Nf3 Nf6 3. Bg5 Nbd7 4. e3 h6 5. Bf4 e6 6. c4 c6 7. Nc3 Be7 8. cxd5
exd5 9. Bd3 Nf8 10. h3 Ne6 11. Be5 O-O 12. O-O Nd7 13. Bh2 Nf6 14. Qc2 Re8 15.
Rab1 Bd6 16. Ne5 Qe7 17. a3 Ng5 18. Kh1 Nfe4 19. Ne2 Bxe5 20. Bxe5 Be6 21. f3
Nxh3 22. fxe4 Qh4 23. gxh3 Bxh3 24. Bg3 Qe7 25. Rf2 1-0

[Event "Gibraltar Chess Festival 2017 - Masters"]
[Site "Gibraltar ENG"]
[Date "2017.01.30"]
[Round "7.103"]
[White "Compton, Alistair"]
[Black "Obiamiwe, Paul"]
[Result "1-0"]
[WhiteElo "2094"]
[BlackElo "1926"]
[PlyCount "71"]
[EventDate "2017.01.24"]
[EventType "swiss"]
[EventRounds "10"]
[EventCountry "ENG"]
[SourceTitle "Ajedrez en Madrid"]
[Source "lmi"]
[SourceDate "2017.01.24"]

1. e4 e5 2. Nc3 Nf6 3. Bc4 Nc6 4. d3 Be7 5. f4 d6 6. Nf3 Bg4 7. h3 Bxf3 8. Qxf3
Nd4 9. Qd1 Nd7 10. O-O O-O 11. a4 a5 12. Nd5 Bh4 13. c3 Ne6 14. f5 Nec5 15. Qg4
Kh8 16. Nxc7 Rc8 17. Nd5 Nb6 18. Nxb6 Qxb6 19. Be3 Bf6 20. Rfb1 Qc7 21. b4 Nxd3
22. Bxd3 Qxc3 23. Qe2 axb4 24. Rc1 Qb3 25. Bc4 Rxc4 26. Rxc4 d5 27. exd5 e4 28.
Bd4 Be7 29. Qxe4 Bd6 30. Bf2 f6 31. Qc2 Qxc2 32. Rxc2 b3 33. Rc4 Be5 34. Bd4
Bxd4+ 35. Rxd4 Rc8 36. Rb1 1-0

[Event "Gibraltar Chess Festival 2017 - Masters"]
[Site "Gibraltar ENG"]
[Date "2017.01.30"]
[Round "7.104"]
[White "Boerkamp, Harry"]
[Black "Dasaolu, Rotimi"]
[Result "0-1"]
[WhiteElo "1955"]
[BlackElo "2051"]
[PlyCount "178"]
[EventDate "2017.01.24"]
[EventType "swiss"]
[EventRounds "10"]
[EventCountry "ENG"]
[SourceTitle "Ajedrez en Madrid"]
[Source "lmi"]
[SourceDate "2017.01.24"]

1. e4 c6 2. d4 d5 3. e5 Bf5 4. Nc3 e6 5. g4 Bg6 6. Nge2 c5 7. Be3 Nc6 8. Nf4
cxd4 9. Bxd4 Bb4 10. Nxg6 hxg6 11. Bb5 Qh4 12. Qf3 Nge7 13. O-O-O a6 14. Bxc6+
Nxc6 15. Ne2 Qh3 16. Qf4 Qh6 17. Qxh6 Rxh6 18. h4 O-O-O 19. f4 b5 20. Bf2 Kb7
21. a3 Be7 22. Nd4 Rdh8 23. Nxc6 Kxc6 24. g5 R6h7 25. Rh3 Kb7 26. Rc3 Ra8 27.
Rdd3 Rhh8 28. Rh3 Rad8 29. Bd4 Rc8 30. Bf2 Rc4 31. Rxc4 dxc4 32. Rh1 Kc6 33.
Kd2 Kd5 34. Ke2 Ke4 35. Be3 f6 36. exf6 gxf6 37. Bd2 fxg5 38. fxg5 e5 39. Rh3
Bc5 40. Be3 Bd4 41. c3 Bxe3 42. Rxe3+ Kf4 43. Rf3+ Ke4 44. Rh3 Rh7 45. Re3+ Kd5
46. Rh3 e4 47. Ke3 Ke5 48. Rh2 Rh8 49. Rh1 Rd8 50. h5 Rd3+ 51. Ke2 gxh5 52.
Rxh5 Rg3 53. Kf2 Rg4 54. Rh6 Rxg5 55. Rxa6 Kf4 56. Rf6+ Rf5 57. Re6 Rh5 58.
Rf6+ Ke5 59. Rb6 Rh2+ 60. Ke1 Rxb2 61. a4 Kf4 62. Rxb5 Ra2 63. Rh5 e3 64. Rh4+
Kf3 65. Rh3+ Ke4 66. Rh8 Kd3 67. Rd8+ Kxc3 68. Re8 Kd4 69. Rd8+ Kc5 70. Re8 Ra3
71. Ke2 Kd4 72. Rd8+ Kc3 73. Kxe3 Kc2+ 74. Ke2 Rxa4 75. Rd2+ Kc3 76. Rd8 Ra7
77. Rd6 Rh7 78. Rd8 Rh1 79. Rd7 Kc2 80. Rd2+ Kb3 81. Rd8 c3 82. Rb8+ Kc2 83.
Rd8 Rh2+ 84. Ke1 Kc1 85. Rd1+ Kb2 86. Rd8 Rh4 87. Rb8+ Kc1 88. Rd8 Re4+ 89. Kf2
c2 0-1

[Event "Gibraltar Chess Festival 2017 - Masters"]
[Site "Gibraltar ENG"]
[Date "2017.01.30"]
[Round "7.105"]
[White "Feldbacher, Harald"]
[Black "Wilson, Matthew R"]
[Result "1-0"]
[WhiteElo "2050"]
[BlackElo "1791"]
[PlyCount "49"]
[EventDate "2017.01.24"]
[EventType "swiss"]
[EventRounds "10"]
[EventCountry "ENG"]
[SourceTitle "Ajedrez en Madrid"]
[Source "lmi"]
[SourceDate "2017.01.24"]

1. d4 Nf6 2. Nf3 e6 3. c4 d5 4. Nc3 Be7 5. g3 Nbd7 6. Bg2 O-O 7. O-O dxc4 8.
Qc2 h6 9. e4 Nb6 10. Rd1 c6 11. a4 a5 12. h3 Nh7 13. Be3 Qc7 14. Rd2 Ng5 15.
Ne5 Bd6 16. f4 Bxe5 17. dxe5 Nh7 18. Rad1 f6 19. Bc5 Re8 20. exf6 Nxf6 21. e5
Nfd5 22. Qg6 Qf7 23. Be4 Qxg6 24. Bxg6 Rd8 25. Bxb6 1-0

[Event "Gibraltar Chess Festival 2017 - Masters"]
[Site "Gibraltar ENG"]
[Date "2017.01.30"]
[Round "7.106"]
[White "Minnema, Rens"]
[Black "Aroven, Mikael"]
[Result "0-1"]
[WhiteElo "1893"]
[BlackElo "2172"]
[PlyCount "46"]
[EventDate "2017.01.24"]
[EventType "swiss"]
[EventRounds "10"]
[EventCountry "ENG"]
[SourceTitle "Ajedrez en Madrid"]
[Source "lmi"]
[SourceDate "2017.01.24"]

1. e4 c5 2. Nf3 Nc6 3. d4 cxd4 4. Nxd4 e5 5. Nb5 d6 6. N1c3 a6 7. Na3 b5 8. Nd5
Be7 9. Be3 Rb8 10. Be2 Nf6 11. Nxf6+ gxf6 12. Bg4 Rg8 13. Bxc8 Qxc8 14. Qh5 Qg4
15. Qxh7 Rg7 16. Qf5 Qxf5 17. exf5 d5 18. O-O Bxa3 19. bxa3 Ne7 20. Bd2 Nxf5
21. Bb4 Kd7 22. Rad1 Ke6 23. f3 Ne3 0-1

[Event "Gibraltar Chess Festival 2017 - Masters"]
[Site "Gibraltar ENG"]
[Date "2017.01.30"]
[Round "7.108"]
[White "Koes, Richard"]
[Black "Skou, Niels"]
[Result "0-1"]
[WhiteElo "1830"]
[BlackElo "2025"]
[PlyCount "78"]
[EventDate "2017.01.24"]
[EventType "swiss"]
[EventRounds "10"]
[EventCountry "ENG"]
[SourceTitle "Ajedrez en Madrid"]
[Source "lmi"]
[SourceDate "2017.01.24"]

1. e4 e5 2. Nf3 Nc6 3. Bc4 Bc5 4. O-O d6 5. c3 Nf6 6. d4 exd4 7. cxd4 Bb6 8. d5
Ne7 9. Nc3 O-O 10. Qe2 Ng6 11. h3 Re8 12. Qc2 h6 13. Re1 Bd7 14. Be3 Bxe3 15.
Rxe3 a6 16. Bd3 Nh5 17. Rae1 Qf6 18. e5 Nxe5 19. Nxe5 Rxe5 20. Ne4 Qd8 21. Nd2
Rxe3 22. Rxe3 c5 23. Rf3 Qg5 24. Ne4 Qe5 25. Qd2 f5 26. Ng3 Nxg3 27. Rxg3 Re8
28. Re3 Qxd5 29. Qc2 b5 30. Rxe8+ Bxe8 31. Bxf5 Bc6 32. f3 Qe5 33. Kf2 c4 34.
Bh7+ Kf8 35. Qd2 Ke7 36. f4 Qf6 37. Qe3+ Kf8 38. Qd2 g6 39. g3 Kg7 0-1

[Event "Gibraltar Chess Festival 2017 - Masters"]
[Site "Gibraltar ENG"]
[Date "2017.01.30"]
[Round "7.109"]
[White "Suez-Panama, Gilles"]
[Black "Ramirez Leyva, Freddy"]
[Result "1/2-1/2"]
[WhiteElo "2010"]
[BlackElo "1862"]
[PlyCount "82"]
[EventDate "2017.01.24"]
[EventType "swiss"]
[EventRounds "10"]
[EventCountry "ENG"]
[SourceTitle "Ajedrez en Madrid"]
[Source "lmi"]
[SourceDate "2017.01.24"]

1. d4 Nf6 2. Nf3 g6 3. c4 Bg7 4. Nc3 d6 5. e4 O-O 6. Be2 e5 7. dxe5 dxe5 8.
Qxd8 Rxd8 9. Bg5 Re8 10. O-O-O c6 11. Nxe5 Nxe4 12. Nxe4 Bxe5 13. Nd6 Bxd6 14.
Rxd6 Bf5 15. Bf3 Na6 16. g4 Be4 17. Rf6 Rad8 18. Rd1 Bxf3 19. Rxf3 Rxd1+ 20.
Kxd1 Re4 21. Rf4 Nc5 22. Rxe4 Nxe4 23. Be3 a6 24. Ke2 Nf6 25. f3 Nd7 26. Bd4 f6
27. Ke3 Kf7 28. Ke4 Ke6 29. f4 f5+ 30. gxf5+ gxf5+ 31. Kd3 Nf8 32. Bg7 Ng6 33.
Bh6 Kd6 34. Kd4 c5+ 35. Ke3 Ke6 36. Bg7 Kd6 37. Bh6 Kc6 38. Bg5 h5 39. Kd3 Nf8
40. Bf6 Ng6 41. Bg5 Nf8 1/2-1/2

[Event "Gibraltar Chess Festival 2017 - Masters"]
[Site "Gibraltar ENG"]
[Date "2017.01.30"]
[Round "7.110"]
[White "Noordhoek, Henk"]
[Black "Ford, Clifton P"]
[Result "0-1"]
[WhiteElo "2004"]
[BlackElo "1781"]
[PlyCount "124"]
[EventDate "2017.01.24"]
[EventType "swiss"]
[EventRounds "10"]
[EventCountry "ENG"]
[SourceTitle "Ajedrez en Madrid"]
[Source "lmi"]
[SourceDate "2017.01.24"]

1. e4 e6 2. d4 d5 3. Bd3 dxe4 4. Bxe4 Nf6 5. Bf3 c5 6. Ne2 Nc6 7. Be3 cxd4 8.
Nxd4 Nxd4 9. Qxd4 Qxd4 10. Bxd4 Be7 11. Nc3 O-O 12. O-O-O Nd7 13. Rhe1 Bf6 14.
Re4 Bxd4 15. Rexd4 Ne5 16. Be2 b6 17. f4 Nc6 18. Rd6 Na5 19. b4 Nb7 20. R6d4 a5
21. Bf3 Rb8 22. Na4 b5 23. Nb6 g6 24. Bxb7 Rxb7 25. bxa5 Ra7 26. Rd8 Ba6 27.
Kb2 Kg7 28. Rxf8 Kxf8 29. Rd8+ Ke7 30. Rh8 h5 31. Kb3 Rc7 32. Ra8 Bb7 33. Ra7
Kd6 34. Kb4 Bxg2 35. Rxc7 Kxc7 36. Kxb5 Bc6+ 37. Kc5 f6 38. Nc4 Bd5 39. a6 Bxc4
40. Kxc4 Kb6 41. a7 Kxa7 42. Kc5 g5 43. fxg5 fxg5 44. Kd6 g4 45. Ke5 h4 46. Kf4
g3 47. hxg3 h3 48. Kf3 e5 49. g4 e4+ 50. Kxe4 h2 51. Kf5 h1=Q 52. g5 Qd5+ 53.
Kf6 Qxa2 54. Kg7 Qb2+ 55. Kf7 Qxc2 56. g6 Qf5+ 57. Kg7 Kb7 58. Kh6 Qh3+ 59. Kg7
Kc7 60. Kg8 Kd6 61. g7 Ke6 62. Kf8 Qh6 0-1

[Event "Gibraltar Chess Festival 2017 - Masters"]
[Site "Gibraltar ENG"]
[Date "2017.01.30"]
[Round "7.112"]
[White "Van Kemenade, Rudy"]
[Black "Murray, J Stephen"]
[Result "1-0"]
[WhiteElo "1955"]
[BlackElo "1789"]
[PlyCount "91"]
[EventDate "2017.01.24"]
[EventType "swiss"]
[EventRounds "10"]
[EventCountry "ENG"]
[SourceTitle "Ajedrez en Madrid"]
[Source "lmi"]
[SourceDate "2017.01.24"]

1. f4 d5 2. Nf3 c5 3. g3 Nc6 4. Bg2 g6 5. O-O Bg7 6. d3 e6 7. c3 Nge7 8. e4 O-O
9. e5 Rb8 10. d4 cxd4 11. cxd4 Qb6 12. Nc3 Nf5 13. Ne2 Bd7 14. g4 Nfe7 15. Nc3
Na5 16. Rf2 Rbc8 17. Qd3 Rc7 18. b3 Rfc8 19. Bb2 a6 20. Bf1 Qa7 21. Rc1 b5 22.
Ba3 Bf8 23. Bd6 Rc6 24. Rfc2 Qb7 25. Bb4 Qc7 26. Ne1 Qd8 27. Qd2 Nb7 28. a4 Na5
29. Bxa5 Qxa5 30. axb5 axb5 31. Bxb5 Rxc3 32. Bxd7 R8c7 33. Rxc3 Rxd7 34. R3c2
Qa7 35. Nf3 Qb6 36. Rc3 Kg7 37. Kg2 Ng8 38. Qc2 Rb7 39. Rb1 Bb4 40. Rc6 Qb5 41.
Kf2 h6 42. Rc7 Rb8 43. f5 gxf5 44. gxf5 exf5 45. Qxf5 Ne7 46. Qf6+ 1-0

[Event "Gibraltar Chess Festival 2017 - Masters"]
[Site "Gibraltar ENG"]
[Date "2017.01.30"]
[Round "7.113"]
[White "Neumanova, Monika"]
[Black "Gamboa Alvarado, Olga Leticia"]
[Result "0-1"]
[WhiteElo "1707"]
[BlackElo "1913"]
[PlyCount "50"]
[EventDate "2017.01.24"]
[EventType "swiss"]
[EventRounds "10"]
[EventCountry "ENG"]
[SourceTitle "Ajedrez en Madrid"]
[Source "lmi"]
[SourceDate "2017.01.24"]

1. d4 Nf6 2. c4 e5 3. dxe5 Ng4 4. Nf3 Nc6 5. Nc3 Bc5 6. e3 Ngxe5 7. Be2 a6 8.
O-O d6 9. b3 O-O 10. Bb2 f5 11. Nd4 Bd7 12. Nd5 Ne7 13. Nf4 Qc8 14. Nf3 Nxf3+
15. Bxf3 Bc6 16. Bxc6 bxc6 17. Nh5 Rf7 18. Qf3 Qe6 19. Nf4 Qe4 20. Qg3 a5 21.
Rac1 a4 22. Ba1 Ng6 23. Nxg6 hxg6 24. Qxg6 f4 25. exf4 Qxg6 0-1

[Event "Gibraltar Chess Festival 2017 - Masters"]
[Site "Gibraltar ENG"]
[Date "2017.01.30"]
[Round "7.114"]
[White "Chilton, James I"]
[Black "Lochte, Szilvia"]
[Result "0-1"]
[WhiteElo "1756"]
[BlackElo "1829"]
[PlyCount "124"]
[EventDate "2017.01.24"]
[EventType "swiss"]
[EventRounds "10"]
[EventCountry "ENG"]
[SourceTitle "Ajedrez en Madrid"]
[Source "lmi"]
[SourceDate "2017.01.24"]

1. e4 c5 2. Nf3 e6 3. d4 cxd4 4. Nxd4 a6 5. Bd3 Qc7 6. O-O Nf6 7. Be3 Bc5 8.
Re1 d6 9. Nb3 Bxe3 10. Rxe3 Nc6 11. Rg3 g6 12. Nc3 Nh5 13. Re3 O-O 14. Ne2 Ne5
15. h3 Bd7 16. g4 Nf6 17. Ng3 h6 18. Be2 Rac8 19. Qd4 Kg7 20. Rd1 Nc4 21. Rc3
b5 22. Nd2 d5 23. exd5 exd5 24. b3 b4 25. Rf3 Ne5 26. Rxf6 Kxf6 27. f4 Ke6 28.
Qxe5+ Qxe5 29. fxe5 Rxc2 30. g5 h5 31. Nf3 Rxa2 32. Nd4+ Kxe5 33. h4 Re8 34.
Bf3 Kd6 35. Nge2 a5 36. Nf4 Re5 37. Bg2 Bg4 38. Nf3 Rf5 39. Rd4 Bxf3 40. Bxf3
Ke5 41. Rxd5+ Kxf4 42. Rd3 Ke5 43. Rd5+ Ke6 44. Rd3 Re5 45. Kf1 Rc2 46. Bb7
Ree2 47. Rd4 Rf2+ 48. Kg1 Rfd2 49. Re4+ Kd6 50. Re1 Rb2 51. Ba6 Rxb3 52. Bc4
Rg3+ 53. Kh1 Rh3+ 54. Kg1 Rxh4 55. Bxf7 Rg4+ 56. Kh1 Rxg5 57. Rc1 Rd4 58. Rc2
Rh4+ 59. Rh2 Rxh2+ 60. Kxh2 a4 61. Kh3 b3 62. Kh4 Rg1 0-1

[Event "Gibraltar Chess Festival 2017 - Masters"]
[Site "Gibraltar ENG"]
[Date "2017.01.30"]
[Round "7.115"]
[White "Odeh, Kenneth"]
[Black "Robles, Bryan"]
[Result "0-1"]
[WhiteElo "1969"]
[BlackElo "1711"]
[PlyCount "80"]
[EventDate "2017.01.24"]
[EventType "swiss"]
[EventRounds "10"]
[EventCountry "ENG"]
[SourceTitle "Ajedrez en Madrid"]
[Source "lmi"]
[SourceDate "2017.01.24"]

1. e4 e5 2. Nf3 Nc6 3. Bb5 d6 4. O-O Nf6 5. d3 Bd7 6. c3 Be7 7. Re1 a6 8. Ba4
b5 9. Bc2 O-O 10. Nbd2 h6 11. Nf1 Nh7 12. d4 Ng5 13. d5 Na5 14. Nxg5 Bxg5 15.
b3 Bxc1 16. Rxc1 Nb7 17. Qh5 Qg5 18. Qxg5 hxg5 19. Ne3 g6 20. c4 b4 21. a3 a5
22. Ra1 Nc5 23. axb4 axb4 24. Kf1 f5 25. exf5 gxf5 26. Rxa8 Rxa8 27. Nxf5 Bxf5
28. Bxf5 Nxb3 29. g3 Nd4 30. Be4 b3 31. Rb1 Ra2 32. Kg2 Ra4 33. Bd3 Kg7 34. Kh3
Kf6 35. Kg4 Ra2 36. Rf1 Rd2 37. Be4 b2 38. h4 gxh4 39. gxh4 Nc2 40. f4 Ne3+ 0-1

[Event "Gibraltar Chess Festival 2017 - Masters"]
[Site "Gibraltar ENG"]
[Date "2017.01.30"]
[Round "7.116"]
[White "Miracola, Giorgia"]
[Black "Beadle, John R"]
[Result "1-0"]
[WhiteElo "1924"]
[BlackElo "1544"]
[PlyCount "45"]
[EventDate "2017.01.24"]
[EventType "swiss"]
[EventRounds "10"]
[EventCountry "ENG"]
[SourceTitle "Ajedrez en Madrid"]
[Source "lmi"]
[SourceDate "2017.01.24"]

1. e4 e6 2. d4 d5 3. Nc3 dxe4 4. Nxe4 Bd7 5. Bd3 Bc6 6. Nf3 Nd7 7. O-O Be7 8.
c3 Ngf6 9. Ned2 O-O 10. Nc4 Bxf3 11. Qxf3 c6 12. Bf4 Nd5 13. Bd2 Rc8 14. Ne5 c5
15. Qh3 N5f6 16. Rae1 Re8 17. Re3 g6 18. Bb5 a6 19. Bxd7 Nxd7 20. Nxf7 Kxf7 21.
Qxh7+ Kf8 22. Rf3+ Bf6 23. Bh6# 1-0

[Event "Gibraltar Chess Festival 2017 - Masters"]
[Site "Gibraltar ENG"]
[Date "2017.01.30"]
[Round "7.117"]
[White "Gravett, Alan D"]
[Black "Lapusan, Razvan"]
[Result "1/2-1/2"]
[WhiteElo "1820"]
[BlackElo "1525"]
[PlyCount "60"]
[EventDate "2017.01.24"]
[EventType "swiss"]
[EventRounds "10"]
[EventCountry "ENG"]
[SourceTitle "Ajedrez en Madrid"]
[Source "lmi"]
[SourceDate "2017.01.24"]

1. d4 c5 2. d5 Nf6 3. g3 g6 4. Bg2 Bg7 5. e4 d6 6. Ne2 Na6 7. O-O Nc7 8. a4 O-O
9. Na3 Bd7 10. Nc4 b5 11. axb5 Bxb5 12. Ne3 Nd7 13. f4 Bxe2 14. Qxe2 a5 15. c3
a4 16. Nc4 Nb5 17. Qc2 a3 18. Nxa3 Nxa3 19. Rxa3 Qb6 20. Be3 Rxa3 21. bxa3 Qa5
22. Bd2 Qxa3 23. Rb1 Qa7 24. Bh3 Rd8 25. Be3 Nf8 26. Qb3 Qa5 27. Bd2 Qa7 28. c4
Bd4+ 29. Be3 Bxe3+ 30. Qxe3 Rb8 1/2-1/2

[Event "Gibraltar Chess Festival 2017 - Masters"]
[Site "Gibraltar ENG"]
[Date "2017.01.30"]
[Round "7.118"]
[White "Day, Christopher"]
[Black "Bauer, Dieter"]
[Result "1-0"]
[WhiteElo "1760"]
[BlackElo "1772"]
[PlyCount "115"]
[EventDate "2017.01.24"]
[EventType "swiss"]
[EventRounds "10"]
[EventCountry "ENG"]
[SourceTitle "Ajedrez en Madrid"]
[Source "lmi"]
[SourceDate "2017.01.24"]

1. Nf3 c5 2. g3 g6 3. Bg2 Bg7 4. O-O Nc6 5. d3 e5 6. c4 d6 7. Nc3 Nge7 8. a3 h6
9. Rb1 O-O 10. b4 f5 11. Bd2 g5 12. e3 g4 13. Ne1 Ng6 14. b5 Nce7 15. f4 gxf3
16. Nxf3 f4 17. Ne4 fxg3 18. Nxg3 Bg4 19. h3 Be6 20. Qe2 Qd7 21. Kh2 Rae8 22.
Rf2 Qc7 23. Qe1 Nf5 24. Nxf5 Bxf5 25. e4 Bc8 26. Qe2 Nf4 27. Bxf4 Rxf4 28. Rbf1
Ref8 29. Ne1 Rxf2 30. Rxf2 Rxf2 31. Qxf2 Qf7 32. Qxf7+ Kxf7 33. Bf3 Bd7 34. Bg4
Be8 35. Bh5+ Ke7 36. Bxe8 Kxe8 37. Kg3 Kf7 38. Ng2 Bf6 39. Ne3 h5 40. Nf5 Ke6
41. Kf3 a6 42. bxa6 bxa6 43. Ng3 h4 44. Nf5 Kd7 45. Kg4 Kc6 46. Nxh4 Kb6 47.
Nf5 Ka5 48. Nxd6 Ka4 49. Kf5 Bh4 50. Kxe5 Kxa3 51. Kd5 a5 52. Nb5+ Kb4 53. e5
a4 54. e6 a3 55. Nxa3 Kxa3 56. Kxc5 Be7+ 57. Kc6 Bd6 58. Kxd6 1-0

[Event "Gibraltar Chess Festival 2017 - Masters"]
[Site "Gibraltar ENG"]
[Date "2017.01.31"]
[Round "8.1"]
[White "Anton Guijarro, David"]
[Black "Vachier-Lagrave, Maxime"]
[Result "1/2-1/2"]
[WhiteElo "2650"]
[BlackElo "2796"]
[PlyCount "72"]
[EventDate "2017.01.24"]
[EventType "swiss"]
[EventRounds "10"]
[EventCountry "ENG"]
[SourceTitle "Ajedrez en Madrid"]
[Source "lmi"]
[SourceDate "2017.01.24"]

1. d4 Nf6 2. c4 g6 3. Nc3 d5 4. cxd5 Nxd5 5. e4 Nxc3 6. bxc3 Bg7 7. Qa4+ Qd7 8.
Bb5 c6 9. Be2 O-O 10. Qa3 b6 11. Nf3 c5 12. O-O Bb7 13. d5 e6 14. Be3 exd5 15.
Rad1 Qd6 16. exd5 Nd7 17. c4 Rfe8 18. Rfe1 Nf6 19. Bd4 Re7 20. Bf1 Rae8 21.
Rxe7 Rxe7 22. Bxf6 Bxf6 23. Qxa7 Kg7 24. Re1 Rxe1 25. Nxe1 Bc8 26. Nc2 h5 27.
Qa3 h4 28. Qe3 Qe5 29. Qxe5 Bxe5 30. Bd3 f5 31. g3 hxg3 32. hxg3 g5 33. Na3 Kf6
34. Nb5 f4 35. Kg2 fxg3 36. fxg3 Bd7 1/2-1/2

[Event "Gibraltar Chess Festival 2017 - Masters"]
[Site "Gibraltar ENG"]
[Date "2017.01.31"]
[Round "8.3"]
[White "Short, Nigel D"]
[Black "Adams, Michael"]
[Result "1/2-1/2"]
[WhiteElo "2675"]
[BlackElo "2751"]
[PlyCount "45"]
[EventDate "2017.01.24"]
[EventType "swiss"]
[EventRounds "10"]
[EventCountry "ENG"]
[SourceTitle "Ajedrez en Madrid"]
[Source "lmi"]
[SourceDate "2017.01.24"]

1. Nf3 d5 2. d4 Nf6 3. c4 e6 4. Nc3 Be7 5. Bg5 h6 6. Bh4 O-O 7. e3 b6 8. Bd3
Bb7 9. O-O Nbd7 10. Qe2 c5 11. Rfd1 Ne4 12. Bg3 cxd4 13. exd4 Ndf6 14. Rac1 Rc8
15. Bxe4 Nxe4 16. Nxe4 dxe4 17. Ne5 Qe8 18. f4 exf3 19. Nxf3 Bf6 20. Bd6 Be7
21. Bg3 Bf6 22. Bd6 Be7 23. Bg3 1/2-1/2

[Event "Gibraltar Chess Festival 2017 - Masters"]
[Site "Gibraltar ENG"]
[Date "2017.01.31"]
[Round "8.5"]
[White "Fridman, Daniel"]
[Black "Gelfand, Boris"]
[Result "1/2-1/2"]
[WhiteElo "2594"]
[BlackElo "2721"]
[PlyCount "46"]
[EventDate "2017.01.24"]
[EventType "swiss"]
[EventRounds "10"]
[EventCountry "ENG"]
[SourceTitle "Ajedrez en Madrid"]
[Source "lmi"]
[SourceDate "2017.01.24"]

1. d4 Nf6 2. Nf3 d5 3. c4 e6 4. g3 Bb4+ 5. Bd2 Be7 6. Bg2 c6 7. Qc2 b6 8. Bf4
Bb7 9. O-O Nbd7 10. Rd1 Rc8 11. Nc3 dxc4 12. Ne5 Nd5 13. Nxc4 Nxf4 14. gxf4 Qc7
15. e3 O-O 16. Rd2 Rfd8 17. Rad1 Nf8 18. Ne5 Ng6 19. Nxg6 hxg6 20. Ne4 Bb4 21.
Nc3 Be7 22. Ne4 Bb4 23. Nc3 Be7 1/2-1/2